[Event "Pinamar Despedida 2011"]
[Site "Pinamar"]
[Date "2012.01.09"]
[Round "3"]
[White "Fabrizio, Gustavo"]
[Black "Labrunee, Juan Pablo"]
[Result "0-1"]
[WhiteElo "1941"]
[BlackElo "2185"]
[PlyCount "124"]
[EventDate "2012.01.04"]
[EventType "tourn"]
[EventRounds "10"]
[EventCountry "ARG"]
[SourceTitle "EXT 2014"]
[Source "ChessBase"]
[SourceDate "2013.11.20"]
[SourceVersion "1"]
[SourceVersionDate "2013.11.20"]
[SourceQuality "1"]

1. d4 e6 2. c4 Nf6 3. Nf3 b6 4. g3 Bb7 5. Bg2 Bb4+ 6. Bd2 Bxd2+ 7. Nbxd2 0-0 8. Qc2 d6 9. 0-0 Nbd7 10. e4 e5 11. d5 a5 12. a3 a4 13. Ne1 Nc5 14. Nd3 Nxd3 15. Qxd3 Nd7 16. b4 axb3 17. Nxb3 Ra4 18. Bh3 Qe7 19. Bxd7 Qxd7 20. Rfb1 f5 21. Nd2 Bc8 22. Rb4 f4 23. Nf1 Ra5 24. Rb2 Qh3 25. f3 Qh5 26. g4 Qg5 27. Raa2 h5 28. h4 Qe7 29. g5 Bd7 30. Nd2 Rfa8 31. Nb1 Qe8 32. Rb4 R8a7 33. Rab2 Qa8 34. Kg2 Qc8 35. Kg1 Be8 36. Kh2 Ba4 37. Kg2 Qd7 38. Nc3 Qe8 39. Nb1 Ra8 40. Nc3 Bd7 41. Nb1 R8a7 42. Kh2 Rb7 43. Qc3 Bc8 44. Kg1 Qd7 45. Rh2 b5 46. c5 c6 47. cxd6 cxd5 48. Qc5 dxe4 49. Rxe4 Ra6 50. Qxe5 Rxd6 51. Qe8+ Qxe8 52. Rxe8+ Kh7 53. Rb2 Rc7 54. Re5 Rd1+ 55. Kf2 Rcc1 56. Nd2 Rh1 57. g6+ Kh6 58. Rg5 Bd7 59. Rg2 Bc6 60. Ne4 Rhf1+ 61. Ke2 Bd5 62. Rf2 Bc4+ 0-1